MARC

LEADER 00000nam0a2200000 4500
001 18578
005 20231101205221.0
035 |a (RuTPU)RU\TPU\book\18728 
035 |a BOOK00000123 
090 |a 18578 
100 |a 20011209d1992 m y0rusy50 ca 
101 0 |a rus 
102 |a RU 
105 |a y j 000zy 
200 1 |a Современные зарубежные конституции  |e учебное пособие  |f Международный юридический институт при Министерстве юстиции Российской Федерации ; отв. ред. Б. А. Страшун ; сост., введ. и вступ. В. В. Маклаков 
210 |a Москва  |c Изд-во МЮИ  |d 1992 
215 |a 284 с. 
606 1 |a Государственное (конституционное) право капиталистических стран  |2 stltpush  |3 (RuTPU)RU\TPU\subj\8367  |9 35790 
610 1 |a право 
610 1 |a капиталистические страны 
610 1 |a конституции 
610 1 |a конституционное право 
610 1 |a учебные пособия 
610 1 |a США 
610 1 |a Великобритания 
610 1 |a Франция 
610 1 |a Италия 
610 1 |a ФРГ 
610 1 |a Германия 
610 1 |a Япония 
610 1 |a Швейцария 
686 |a Х80  |v LBC/SL-A  |2 rubbk 
702 1 |a Страшун  |b Б. А.  |4 340 
702 1 |a Маклаков  |b В. В.  |4 220 
712 0 2 |a Международный юридический институт при Министерстве юстиции Российской Федерации  |c (Москва)  |2 stltpush  |3 (RuTPU)RU\TPU\col\1401  |9 23563 
801 0 |a RU  |b 63413507  |c 20011209  |g PSBO 
801 2 |a RU  |b 63413507  |c 20190321  |g PSBO 
942 |c BK